书目信息 |
| 题名: |
环境保护与节能减排措施研究
|
|
| 作者: | 李创 著 | |
| 分册: | ||
| 出版信息: | 北京 中国纺织出版社 2018.03 |
|
| 页数: | 340页 | |
| 开本: | 24cm | |
| 丛书名: | ||
| 单 册: | ||
| 中图分类: | X-12 , TK01 | |
| 科图分类: | ||
| 主题词: | 环境保护--研究--中国 , 节能减排--研究--中国 | |
| 电子资源: | ||
| ISBN: | 978-7-5180-3971-5 | |
| 000 | 00983nam0 2200253 450 | |
| 001 | 19 | |
| 005 | 20180920162751.81 | |
| 010 | @a978-7-5180-3971-5@dCNY95.00 | |
| 100 | @a20180315d2018 em y0chiy50 ea | |
| 101 | 0 | @achi |
| 102 | @aCN@b110000 | |
| 105 | @aa z 000yy | |
| 200 | 1 | @a环境保护与节能减排措施研究@9huan jing bao hu yu jie neng jian pai cuo shi yan jiu@f李创著 |
| 210 | @a北京@c中国纺织出版社@d2018.03 | |
| 215 | @a340页@c图@d24cm | |
| 300 | @a教育部人文社会科学研究规划基金项目等资助 | |
| 330 | @a本书对有关环境保护和节能减排的相关内容进行了系统研究,主要包括:环境概述,环境保护的理论基础,我国环境污染现状及其存在的问题研究,环境经济问题与环境价值研究,环境保护与污染型工业企业发展研究,环境保护与绿色消费模式研究,我国环境管理的政策体系研究等。 | |
| 606 | 0 | @a环境保护@x研究@y中国 |
| 606 | 0 | @a节能减排@x研究@y中国 |
| 690 | @aX-12@v5 | |
| 690 | @aTK01@v5 | |
| 701 | 0 | @a李创@9li chuang@4著 |
| 801 | 0 | @aCN@b91MARC@c20180315 |
| 905 | @aMuseLib@dX-12@e227 | |
| 环境保护与节能减排措施研究/李创著.-北京:中国纺织出版社,2018.03 |
| 340页:图;24cm |
| 教育部人文社会科学研究规划基金项目等资助 |
| ISBN 978-7-5180-3971-5:CNY95.00 |
| 本书对有关环境保护和节能减排的相关内容进行了系统研究,主要包括:环境概述,环境保护的理论基础,我国环境污染现状及其存在的问题研究,环境经济问题与环境价值研究,环境保护与污染型工业企业发展研究,环境保护与绿色消费模式研究,我国环境管理的政策体系研究等。 |
| ● |
| 相关链接 |
|
|
|
|
正题名:环境保护与节能减排措施研究
索取号:X-12/227
 
预约/预借
| 序号 | 登录号 | 条形码 | 馆藏地/架位号 | 状态 | 备注 |
| 1 | 1117834 | 211178349 | 第二样本阅览室/ [索取号:X-12/227] | 在馆 | |
| 2 | 1117835 | 211178358 | 第三借阅区/ [索取号:X-12/227] | 在馆 | |
| 3 | 1117836 | 211178367 | 第三借阅区/ [索取号:X-12/227] | 在馆 | |
| 4 | 1117837 | 211178376 | 第三借阅区/ [索取号:X-12/227] | 在馆 | |
| 5 | 1117838 | 211178385 | 第三借阅区/ [索取号:X-12/227] | 在馆 |